000 00415nam a2200169Ia 4500
001 11001
003 IN-NITTTR
005 20251114233102.0
008 251113s9999||||xx |||||||||||||| ||eng||
040 _beng
040 _cIN-NITTTR
041 _aeng
082 _a658.280202 M617H
100 _aMiller, Richard K.
245 0 _aHandbook of industrial noise management. /
_cMiller, Richard K.
942 _2ddc
_cBK
999 _c13637
_d13637